[Event "12. Magistral 30 Aniversario Benasque"]
[Site "Benasque ESP"]
[Date "2010.07.08"]
[Round "1.1"]
[White "Garcia Palermo, Carlos"]
[Black "Marin, Mihail"]
[Result "1/2-1/2"]
[WhiteElo "2450"]
[BlackElo "2597"]
[PlyCount "126"]
[EventDate "2010.07.08"]
[EventType "tourn"]
[EventRounds "10"]
[EventCountry "ESP"]
[EventCategory "11"]
[Source "lmi"]
[SourceDate "2010.07.08"]

1. d4 Nf6 2. c4 e6 3. Nf3 Bb4+ 4. Bd2 a5 5. g3 d5 6. Qc2 Nc6 7. Bg2 dxc4 8.
Qxc4 Qd5 9. Qd3 Qe4 10. Qxe4 Nxe4 11. e3 Nxd2 12. Nfxd2 a4 13. a3 Be7 14. Nc3
Bd7 15. Rc1 Na5 16. Nce4 Bc6 17. O-O O-O 18. f4 Rfd8 19. Nc5 Bxc5 20. Rxc5 Bxg2
21. Kxg2 c6 22. g4 Kf8 23. g5 Rd5 24. Rc2 Ke7 25. Kf2 h6 26. Nf3 hxg5 27. fxg5
f6 28. e4 Rb5 29. gxf6+ gxf6 30. Rg1 Kf7 31. Ke3 Rg8 32. Ne5+ fxe5 33. Rf2+ Ke7
34. Rxg8 Rb3+ 35. Ke2 exd4 36. Rg3 Rxb2+ 37. Kf3 Rb3+ 38. Kf4 Nc4 39. e5 Rxg3
40. hxg3 b5 41. Ke4 c5 42. g4 d3 43. Kxd3 Nxe5+ 44. Kc3 b4+ 45. axb4 cxb4+ 46.
Kc2 Nxg4 47. Rf4 Ne3+ 48. Kd3 Nd5 49. Rf2 Kd6 50. Kc4 b3 51. Rb2 Kc6 52. Re2
Nb6+ 53. Kb4 Kd5 54. Rd2+ Ke4 55. Rd6 b2 56. Rxe6+ Kd3 57. Re1 Kc2 58. Re2+ Kc1
59. Re1+ Kc2 60. Re2+ Kb1 61. Ka3 Ka1 62. Rxb2 Nc4+ 63. Kxa4 Nxb2+ 1/2-1/2

[Event "12. Magistral 30 Aniversario Benasque"]
[Site "Benasque ESP"]
[Date "2010.07.08"]
[Round "1.2"]
[White "Gomez Esteban, Juan Mario"]
[Black "De La Villa Garcia, Jesus Maria"]
[Result "1/2-1/2"]
[WhiteElo "2485"]
[BlackElo "2496"]
[PlyCount "40"]
[EventDate "2010.07.08"]
[EventType "tourn"]
[EventRounds "10"]
[EventCountry "ESP"]
[EventCategory "11"]
[Source "lmi"]
[SourceDate "2010.07.08"]

1. e4 e5 2. Nf3 Nc6 3. d4 exd4 4. Nxd4 g6 5. Be3 Nf6 6. Nc3 Bg7 7. Qd2 O-O 8.
O-O-O Re8 9. f3 d5 10. Bb5 Bd7 11. exd5 Nxd4 12. Bxd4 Bxb5 13. Nxb5 Qxd5 14.
Nc3 Qc6 15. Qf2 Rad8 16. a3 b6 17. Rd3 Qe6 18. Qd2 c5 19. Bf2 Rxd3 20. Qxd3 Qe5
1/2-1/2

[Event "12. Magistral 30 Aniversario Benasque"]
[Site "Benasque ESP"]
[Date "2010.07.08"]
[Round "1.3"]
[White "Levin, Felix"]
[Black "Granda Zuñiga, Julio E"]
[Result "1/2-1/2"]
[WhiteElo "2472"]
[BlackElo "2639"]
[PlyCount "35"]
[EventDate "2010.07.08"]
[EventType "tourn"]
[EventRounds "10"]
[EventCountry "ESP"]
[EventCategory "11"]
[Source "lmi"]
[SourceDate "2010.07.08"]

1. d4 d5 2. c4 dxc4 3. Nf3 c6 4. e3 b5 5. a4 Qb6 6. b3 cxb3 7. axb5 e6 8. Qxb3
Nf6 9. Nbd2 cxb5 10. Bxb5+ Bd7 11. Bxd7+ Nbxd7 12. O-O Be7 13. Ba3 Qxb3 14.
Nxb3 Bxa3 15. Rxa3 O-O 16. Rfa1 Rfb8 17. Nfd2 Rb7 18. Kf1 1/2-1/2

[Event "12. Magistral 30 Aniversario Benasque"]
[Site "Benasque ESP"]
[Date "2010.07.09"]
[Round "2.1"]
[White "Marin, Mihail"]
[Black "Granda Zuñiga, Julio E"]
[Result "0-1"]
[WhiteElo "2597"]
[BlackElo "2639"]
[PlyCount "118"]
[EventDate "2010.07.08"]
[EventType "tourn"]
[EventRounds "10"]
[EventCountry "ESP"]
[EventCategory "11"]
[Source "lmi"]
[SourceDate "2010.07.08"]

1. c4 e6 2. g3 Nf6 3. Bg2 d5 4. Nf3 Be7 5. O-O O-O 6. b3 b6 7. Bb2 Bb7 8. e3
Qc8 9. Nc3 dxc4 10. bxc4 c5 11. Qe2 Rd8 12. Rfd1 Nc6 13. Rac1 Na5 14. d3 Ne8
15. Nb1 Bc6 16. Bc3 Qa6 17. Nbd2 Bf6 18. Bxf6 Nxf6 19. Bf1 Rac8 20. Nb3 Ba8 21.
Bg2 Nc6 22. Rb1 Nb4 23. Rb2 Qa3 24. Nc1 Rd6 25. Rb3 Qa4 26. e4 Nd7 27. Rd2 h6
28. Qe3 Nf8 29. h4 Rcd8 30. Ne5 Nd7 31. Nf3 Nb8 32. Bf1 N8c6 33. Be2 Nd4 34.
Nxd4 Rxd4 35. Rbb2 e5 36. Bf1 Qd7 37. a3 Nc6 38. Nb3 Rd6 39. Kh2 Ne7 40. Bh3
Qa4 41. Nc1 Qxa3 42. Rdc2 Qa6 43. Rd2 Nc6 44. Ne2 Nb4 45. Nc1 Qa1 46. Nb3 Qa3
47. Bf1 a5 48. Rb1 Qa4 49. Nc1 Nc2 50. Qf3 Nd4 51. Qh5 g6 52. Qd1 Qxd1 53. Rxd1
Bxe4 54. Na2 Nf3+ 55. Kh3 Bxd3 56. Bxd3 Rxd3 57. Rxd3 Rxd3 58. Rxb6 Rd2 59. Nc3
Rxf2 0-1

[Event "12. Magistral 30 Aniversario Benasque"]
[Site "Benasque ESP"]
[Date "2010.07.09"]
[Round "2.2"]
[White "De La Villa Garcia, Jesus Maria"]
[Black "Levin, Felix"]
[Result "1/2-1/2"]
[WhiteElo "2496"]
[BlackElo "2472"]
[PlyCount "56"]
[EventDate "2010.07.08"]
[EventType "tourn"]
[EventRounds "10"]
[EventCountry "ESP"]
[EventCategory "11"]
[Source "lmi"]
[SourceDate "2010.07.08"]

1. e4 c6 2. d4 d5 3. Nc3 dxe4 4. Nxe4 Bf5 5. Ng3 Bg6 6. Bc4 e6 7. N1e2 Bd6 8.
h4 h6 9. Nf4 Bxf4 10. Bxf4 Nf6 11. Qe2 b5 12. Bb3 O-O 13. c3 Nbd7 14. a4 a6 15.
h5 Bh7 16. O-O Qb6 17. axb5 axb5 18. Qf3 Rxa1 19. Rxa1 c5 20. dxc5 Nxc5 21. Be3
Qc7 22. Bxc5 Qxc5 23. Ra8 Qg5 24. Rxf8+ Kxf8 25. Qa8+ Ne8 26. Qa3+ Qe7 27.
Qxe7+ Kxe7 28. f4 Nd6 1/2-1/2

[Event "12. Magistral 30 Aniversario Benasque"]
[Site "Benasque ESP"]
[Date "2010.07.09"]
[Round "2.3"]
[White "Garcia Palermo, Carlos"]
[Black "Gomez Esteban, Juan Mario"]
[Result "1-0"]
[WhiteElo "2450"]
[BlackElo "2485"]
[PlyCount "189"]
[EventDate "2010.07.08"]
[EventType "tourn"]
[EventRounds "10"]
[EventCountry "ESP"]
[EventCategory "11"]
[Source "lmi"]
[SourceDate "2010.07.08"]

1. b3 d5 2. Nf3 c6 3. g3 Nf6 4. Bg2 Bf5 5. O-O h6 6. Bb2 e6 7. d3 Be7 8. Nbd2
O-O 9. Ne5 Nbd7 10. e4 Bh7 11. Nxd7 Qxd7 12. Qe2 Qc7 13. f4 Rad8 14. Kh1 b5 15.
e5 Nd7 16. g4 c5 17. f5 d4 18. a4 a6 19. axb5 axb5 20. fxe6 fxe6 21. Nf3 Nb6
22. Bc1 Nd5 23. Bd2 Ra8 24. Rxa8 Rxa8 25. g5 hxg5 26. Nxg5 Bxg5 27. Bxd5 exd5
28. Bxg5 Rf8 29. Rxf8+ Kxf8 30. e6 Bg6 31. e7+ Ke8 32. Qe6 Bf7 33. Qa6 Kd7 34.
Qxb5+ Qc6 35. Qb8 Ke6 36. Qh8 Kf5 37. Qxg7 Qe6 38. Bh4 Qg6 39. Qxg6+ Bxg6 40.
Kg2 Ke6 41. Kf2 Bh5 42. Ke1 Kf7 43. Kd2 Ke8 44. Bg5 Bf7 45. h4 Kd7 46. Kc1 Bh5
47. Kb2 Bd1 48. b4 cxb4 49. Bf6 Ke8 50. Bxd4 Kxe7 51. Bc5+ Ke6 52. Bxb4 d4 53.
Bc5 Kd5 54. Ba7 Bh5 55. Kc1 Bg4 56. Kd2 Bh5 57. Bb6 Bg4 58. Bd8 Bh5 59. Bf6 Bg4
60. Bh8 Bh5 61. c3 dxc3+ 62. Bxc3 Bg4 63. Ke3 Bd1 64. Bh8 Bh5 65. Kf4 Be2 66.
d4 Bd3 67. Kg5 Ke6 68. Kh6 Be4 69. Kg7 Bf3 70. Kf8 Bh5 71. Be5 Bg6 72. Kg7 Be8
73. Kh6 Kf5 74. Bh8 Kg4 75. Bf6 Kf5 76. Kg7 Ke6 77. Be5 Bh5 78. Kh6 Bf3 79. Kg5
Be4 80. h5 Bd3 81. h6 Bh7 82. Kf4 Kd5 83. Ke3 Kc4 84. Kd2 Be4 85. Kc1 Bh7 86.
Kb2 Bg6 87. Ka3 Bc2 88. Bg7 Bh7 89. Ka4 Be4 90. Ka5 Kd5 91. Kb6 Bf5 92. Kc7 Be4
93. Kd7 Bh7 94. Ke7 Bd3 95. Be5 1-0

[Event "12. Magistral 30 Aniversario Benasque"]
[Site "Benasque ESP"]
[Date "2010.07.10"]
[Round "3.1"]
[White "Gomez Esteban, Juan Mario"]
[Black "Marin, Mihail"]
[Result "1/2-1/2"]
[WhiteElo "2485"]
[BlackElo "2597"]
[PlyCount "58"]
[EventDate "2010.07.08"]
[EventType "tourn"]
[EventRounds "10"]
[EventCountry "ESP"]
[EventCategory "11"]
[Source "lmi"]
[SourceDate "2010.07.08"]

1. d4 Nf6 2. c4 e6 3. Nf3 Bb4+ 4. Nbd2 a5 5. a3 Bxd2+ 6. Bxd2 a4 7. Qc2 Nc6 8.
e4 d5 9. e5 Ng8 10. Bd3 Nge7 11. O-O dxc4 12. Qxc4 Bd7 13. Rac1 Nd5 14. Be4
Nce7 15. Qd3 Bc6 16. Ng5 h6 17. Nh3 Qd7 18. Rfd1 O-O-O 19. f3 f5 20. exf6 gxf6
21. Nf4 Rhg8 22. Qe2 Nxf4 23. Bxf4 Nd5 24. Bxd5 Qxd5 25. Rc5 Qb3 26. Rc3 Qd5
27. Rc5 Qb3 28. Rc3 Qd5 29. Rc5 Qb3 1/2-1/2

[Event "12. Magistral 30 Aniversario Benasque"]
[Site "Benasque ESP"]
[Date "2010.07.10"]
[Round "3.2"]
[White "Levin, Felix"]
[Black "Garcia Palermo, Carlos"]
[Result "1/2-1/2"]
[WhiteElo "2472"]
[BlackElo "2450"]
[PlyCount "43"]
[EventDate "2010.07.08"]
[EventType "tourn"]
[EventRounds "10"]
[EventCountry "ESP"]
[EventCategory "11"]
[Source "lmi"]
[SourceDate "2010.07.08"]

1. Nf3 Nf6 2. c4 e6 3. g3 b6 4. Bg2 Bb7 5. O-O Be7 6. Nc3 O-O 7. Re1 Ne4 8.
Nxe4 Bxe4 9. d3 Bb7 10. e4 c5 11. d4 d6 12. b3 Nd7 13. Bb2 Qc7 14. d5 e5 15.
Nd2 Bf6 16. f4 exf4 17. Bxf6 Nxf6 18. gxf4 Rae8 19. Nf1 Bc8 20. Ng3 Kh8 21. Qd2
Ng4 22. h3 1/2-1/2

[Event "12. Magistral 30 Aniversario Benasque"]
[Site "Benasque ESP"]
[Date "2010.07.10"]
[Round "3.3"]
[White "Granda Zuñiga, Julio E"]
[Black "De La Villa Garcia, Jesus Maria"]
[Result "1-0"]
[WhiteElo "2639"]
[BlackElo "2496"]
[PlyCount "57"]
[EventDate "2010.07.08"]
[EventType "tourn"]
[EventRounds "10"]
[EventCountry "ESP"]
[EventCategory "11"]
[Source "lmi"]
[SourceDate "2010.07.08"]

1. Nf3 Nf6 2. g3 d5 3. Bg2 c6 4. d3 g6 5. Nbd2 Bg7 6. e4 O-O 7. O-O Na6 8. Re1
dxe4 9. dxe4 Nc5 10. Qe2 a5 11. a4 b6 12. e5 Nd5 13. Nc4 Ba6 14. b3 Ne6 15. Qe4
Bb7 16. Bd2 Re8 17. Qh4 Qc7 18. Bh3 Nf8 19. Bh6 Bc8 20. Bg2 Be6 21. Ng5 f6 22.
Bxg7 Kxg7 23. exf6+ exf6 24. Rxe6 Rxe6 25. Qxh7+ Nxh7 26. Nxe6+ Kf7 27. Nxc7
Nxc7 28. Rd1 Nf8 29. Nxb6 1-0

[Event "12. Magistral 30 Aniversario Benasque"]
[Site "Benasque ESP"]
[Date "2010.07.11"]
[Round "4.3"]
[White "Gomez Esteban, Juan Mario"]
[Black "Levin, Felix"]
[Result "1/2-1/2"]
[WhiteElo "2485"]
[BlackElo "2472"]
[PlyCount "114"]
[EventDate "2010.07.08"]
[EventType "tourn"]
[EventRounds "10"]
[EventCountry "ESP"]
[EventCategory "11"]
[Source "lmi"]
[SourceDate "2010.07.08"]

1. e4 e5 2. Nf3 Nc6 3. Bb5 Nf6 4. O-O Nxe4 5. d4 Nd6 6. Bxc6 dxc6 7. dxe5 Nf5
8. Qxd8+ Kxd8 9. Nc3 Ke8 10. h3 h5 11. Bg5 Be7 12. Rad1 Be6 13. Rd2 Rd8 14.
Rxd8+ Bxd8 15. Rd1 Be7 16. g3 f6 17. exf6 gxf6 18. Bf4 Nd6 19. Kg2 Kf7 20. Re1
a5 21. Nd4 Bd7 22. f3 Bd8 23. Rd1 b6 24. Nde2 Be7 25. Bc1 b5 26. Ne4 Bf5 27.
Nd4 Bxe4 28. fxe4 Nxe4 29. Re1 Nc5 30. Bf4 Bd6 31. Bxd6 cxd6 32. Nxc6 Na4 33.
Re7+ Kg6 34. b3 Rc8 35. Nd4 Nc3 36. g4 hxg4 37. hxg4 Nd5 38. Rb7 b4 39. Kf3 Rh8
40. Kg3 Rh7 41. Rb5 Ne3 42. Rxa5 Rc7 43. Ra6 Nxc2 44. Rxd6 Nxd4 45. Rxd4 Rc2
46. Rxb4 Rxa2 47. Rd4 Rb2 48. b4 f5 49. Kf4 fxg4 50. Kxg4 Rb3 51. Kf4 Kf6 52.
Ke4 Ke6 53. Rc4 Kd6 54. Kd4 Rb1 55. Kc3 Rc1+ 56. Kb3 Rxc4 57. Kxc4 Ke5 1/2-1/2

[Event "12. Magistral 30 Aniversario Benasque"]
[Site "Benasque ESP"]
[Date "2010.07.12"]
[Round "5.1"]
[White "Levin, Felix"]
[Black "Marin, Mihail"]
[Result "0-1"]
[WhiteElo "2472"]
[BlackElo "2597"]
[PlyCount "112"]
[EventDate "2010.07.08"]
[EventType "tourn"]
[EventRounds "10"]
[EventCountry "ESP"]
[EventCategory "11"]
[Source "lmi"]
[SourceDate "2010.07.08"]

1. d4 Nf6 2. Nf3 g6 3. c4 Bg7 4. Nc3 d5 5. Bf4 O-O 6. Rc1 c6 7. e3 Bg4 8. h3
Bxf3 9. Qxf3 Qa5 10. Bd3 Nbd7 11. O-O dxc4 12. Bxc4 e5 13. Bg3 exd4 14. exd4
Nb6 15. Bb3 Qb4 16. Be5 Nfd7 17. Bxg7 Kxg7 18. Ne2 Qd6 19. Rfd1 Nf6 20. Qf4
Rad8 21. Qf3 Rfe8 22. Nc3 Re7 23. a3 Red7 24. Rd3 Nbd5 25. Na4 Re7 26. Rdd1 Nf4
27. Nc3 Rde8 28. Bc4 h5 29. Bf1 N4d5 30. Nxd5 Nxd5 31. h4 Nf6 32. g3 Re4 33.
Qc3 Rd8 34. d5 cxd5 35. Bg2 Re5 36. Qd4 a6 37. Bf3 Rde8 38. Kg2 Kh7 39. Rc3
R8e7 40. Rb3 Kg7 41. Rc1 R5e6 42. Rc8 Rc7 43. Rxc7 Qxc7 44. Qa7 Re7 45. Rc3 Qd8
46. Qd4 Re6 47. b4 Qd7 48. Rc5 Rd6 49. Qd3 Rc6 50. Qd4 Rxc5 51. bxc5 Qb5 52. a4
Qc6 53. Kg1 Qc7 54. Qb4 Qc6 55. Qd4 Kg8 56. a5 Kf8 0-1

[Event "12. Magistral 30 Aniversario Benasque"]
[Site "Benasque ESP"]
[Date "2010.07.12"]
[Round "5.3"]
[White "De La Villa Garcia, Jesus Maria"]
[Black "Garcia Palermo, Carlos"]
[Result "1-0"]
[WhiteElo "2496"]
[BlackElo "2450"]
[PlyCount "79"]
[EventDate "2010.07.08"]
[EventType "tourn"]
[EventRounds "10"]
[EventCountry "ESP"]
[EventCategory "11"]
[Source "lmi"]
[SourceDate "2010.07.08"]

1. e4 c5 2. Nf3 a6 3. Nc3 e6 4. d4 b5 5. d5 Bb7 6. Bf4 Nf6 7. Qe2 c4 8. a3 Bc5
9. g3 O-O 10. dxe6 fxe6 11. Bg2 Nc6 12. Rd1 Qb6 13. e5 Nh5 14. Be3 Nxe5 15.
Nxe5 Bxg2 16. Nxd7 Qc6 17. Bxc5 Bxh1 18. Nxf8 Qxc5 19. Nd7 Qc6 20. Ne5 Qg2 21.
Qxh5 Rf8 22. f4 Qxc2 23. Qe2 Qf5 24. Qf1 Ba8 25. Qe2 g5 26. fxg5 Qxg5 27. Rd4
h5 28. Nd7 Rf3 29. Qxe6+ Kg7 30. Nd1 Rf7 31. Ne5 Re7 32. Rd7 Rxd7 33. Qxd7+ Kf6
34. Qd8+ Kf5 35. Qxa8 Kxe5 36. Qxa6 Ke4 37. Qe6+ Kd4 38. Qd6+ Ke4 39. Qd2 Qc5
40. Nc3+ 1-0

[Event "12. Magistral 30 Aniversario Benasque"]
[Site "Benasque ESP"]
[Date "2010.07.13"]
[Round "6.1"]
[White "Marin, Mihail"]
[Black "Garcia Palermo, Carlos"]
[Result "1/2-1/2"]
[WhiteElo "2597"]
[BlackElo "2450"]
[PlyCount "86"]
[EventDate "2010.07.08"]
[EventType "tourn"]
[EventRounds "10"]
[EventCountry "ESP"]
[EventCategory "11"]
[Source "lmi"]
[SourceDate "2010.07.08"]

1. d4 e6 2. g3 c5 3. Nf3 b6 4. Bg2 Bb7 5. c4 cxd4 6. Qxd4 Nc6 7. Qf4 Bb4+ 8.
Bd2 Qf6 9. Qxf6 Bxd2+ 10. Nfxd2 Nxf6 11. Nc3 Ke7 12. O-O Rab8 13. Rfd1 a6 14.
Nde4 Nxe4 15. Nxe4 Na5 16. Rac1 f5 17. Nd6 Bxg2 18. Kxg2 Nb7 19. Nxb7 Rxb7 20.
Rd4 Rc8 21. g4 fxg4 22. Rxg4 g6 23. Rc3 b5 24. b3 d5 25. Rh3 Kd6 26. cxd5 Rc2
27. dxe6 Rxe2 28. a4 Kxe6 29. axb5 axb5 30. Rf3 Kd5 31. Rd3+ Kc6 32. Rf4 Rbe7
33. Rdd4 R2e5 34. h4 Rd5 35. Rf6+ Kc5 36. Rg4 Rd4 37. Rg5+ Kb4 38. Rb6 Rxh4 39.
Rbxb5+ Kc3 40. Rg3+ Kb2 41. Rc5 Rf4 42. Rc4 Rf5 43. Rf3 Rxf3 1/2-1/2

[Event "12. Magistral 30 Aniversario Benasque"]
[Site "Benasque ESP"]
[Date "2010.07.13"]
[Round "6.2"]
[White "De La Villa Garcia, Jesus Maria"]
[Black "Gomez Esteban, Juan Mario"]
[Result "1/2-1/2"]
[WhiteElo "2496"]
[BlackElo "2485"]
[PlyCount "41"]
[EventDate "2010.07.08"]
[EventType "tourn"]
[EventRounds "10"]
[EventCountry "ESP"]
[EventCategory "11"]
[Source "lmi"]
[SourceDate "2010.07.08"]

1. e4 c6 2. d4 d5 3. e5 Bf5 4. Nd2 e6 5. Nb3 Nd7 6. Nf3 Ne7 7. Be2 Nc8 8. O-O
Be7 9. a4 O-O 10. a5 Qc7 11. Bf4 a6 12. Qd2 Na7 13. Rfc1 Rfd8 14. Qe3 Nb5 15.
c3 Rac8 16. h3 Bg6 17. g4 c5 18. Bxb5 axb5 19. dxc5 Nxc5 20. Nxc5 Bxc5 21. Nd4
1/2-1/2

[Event "12. Magistral 30 Aniversario Benasque"]
[Site "Benasque ESP"]
[Date "2010.07.13"]
[Round "6.3"]
[White "Granda Zuñiga, Julio E"]
[Black "Levin, Felix"]
[Result "0-1"]
[WhiteElo "2639"]
[BlackElo "2472"]
[PlyCount "132"]
[EventDate "2010.07.08"]
[EventType "tourn"]
[EventRounds "10"]
[EventCountry "ESP"]
[EventCategory "11"]
[Source "lmi"]
[SourceDate "2010.07.08"]

1. d4 d5 2. c4 e6 3. cxd5 exd5 4. Nc3 c6 5. Bf4 Bd6 6. Bxd6 Qxd6 7. e3 Nf6 8.
Bd3 Bg4 9. Qb3 Qe7 10. Nge2 Bxe2 11. Nxe2 O-O 12. O-O Qc7 13. Qc2 Nbd7 14. b4
a5 15. b5 c5 16. dxc5 Nxc5 17. Rac1 b6 18. Bf5 g6 19. Bh3 Qe5 20. g3 h5 21. Qc3
Qxc3 22. Rxc3 Nfe4 23. Rc2 Rfd8 24. Rd1 Rd6 25. Bg2 Rad8 26. Nd4 f5 27. h4 Kf7
28. Bf3 Re8 29. Kg2 Ra8 30. Be2 Rc8 31. Rcc1 Re8 32. Rc2 Ra8 33. Rdc1 Ra7 34.
f3 Nf6 35. Rc3 Nfd7 36. Bd1 Kg7 37. Bc2 Kf7 38. Bb1 Ra8 39. a3 Re8 40. Ba2 Kg7
41. Kf2 Ne5 42. Rd1 Ng4+ 43. Ke2 Nf6 44. Rc2 Rd7 45. Nc6 Rd6 46. Nd4 Rd7 47.
Kf2 Rde7 48. Re2 Rd7 49. Bb1 Kf7 50. Rc1 Rd6 51. Rc3 Nfd7 52. Rd2 Nf6 53. Ne2
Rc8 54. Kf1 Rd7 55. Nf4 Nce4 56. fxe4 Rxc3 57. e5 Rc1+ 58. Ke2 Rxb1 59. e6+ Ke7
60. exd7 Rxb5 61. a4 Rb4 62. Nxd5+ Nxd5 63. Rxd5 Kd8 64. Rd6 Rxa4 65. Rxb6 Rg4
66. e4 fxe4 0-1

[Event "12. Magistral 30 Aniversario Benasque"]
[Site "Benasque ESP"]
[Date "2010.07.14"]
[Round "7.1"]
[White "Granda Zuñiga, Julio E"]
[Black "Marin, Mihail"]
[Result "1-0"]
[WhiteElo "2639"]
[BlackElo "2597"]
[PlyCount "79"]
[EventDate "2010.07.08"]
[EventType "tourn"]
[EventRounds "10"]
[EventCountry "ESP"]
[EventCategory "11"]
[Source "lmi"]
[SourceDate "2010.07.08"]

1. d4 Nf6 2. c4 g6 3. Nc3 d5 4. Bf4 Bg7 5. e3 c6 6. Nf3 O-O 7. h3 Be6 8. Qb3
Qb6 9. c5 Qxb3 10. axb3 Ne4 11. Bd3 f5 12. b4 Nd7 13. b5 Bf7 14. bxc6 bxc6 15.
Ra5 e5 16. Nxe5 Bxe5 17. Bxe5 Nxe5 18. dxe5 Rfb8 19. Na4 Rb3 20. Be2 Re8 21.
Rxa7 Rxe5 22. O-O Rb4 23. Rd1 Ng5 24. Bf1 Ne6 25. Ra1 d4 26. exd4 Rxd4 27. Rb7
f4 28. b4 f3 29. Nb2 Nf4 30. Bc4 Rxc4 31. Nxc4 Rg5 32. Ra8+ Kg7 33. g3 Nxh3+
34. Kf1 Rd5 35. Ke1 Kf6 36. Rf8 Ng5 37. Nd6 Re5+ 38. Kd2 Re7 39. Rxe7 Kxe7 40.
Nxf7 1-0

[Event "12. Magistral 30 Aniversario Benasque"]
[Site "Benasque ESP"]
[Date "2010.07.14"]
[Round "7.2"]
[White "Levin, Felix"]
[Black "De La Villa Garcia, Jesus Maria"]
[Result "1/2-1/2"]
[WhiteElo "2472"]
[BlackElo "2496"]
[PlyCount "25"]
[EventDate "2010.07.08"]
[EventType "tourn"]
[EventRounds "10"]
[EventCountry "ESP"]
[EventCategory "11"]
[Source "lmi"]
[SourceDate "2010.07.08"]

1. d4 Nf6 2. c4 e6 3. Nf3 d5 4. e3 c5 5. cxd5 exd5 6. Bb5+ Bd7 7. Bxd7+ Nbxd7
8. dxc5 Bxc5 9. Bd2 O-O 10. Bc3 Nb6 11. O-O Ne4 12. Bd4 Rc8 13. Nbd2 1/2-1/2

[Event "12. Magistral 30 Aniversario Benasque"]
[Site "Benasque ESP"]
[Date "2010.07.14"]
[Round "7.3"]
[White "Gomez Esteban, Juan Mario"]
[Black "Garcia Palermo, Carlos"]
[Result "1-0"]
[WhiteElo "2485"]
[BlackElo "2450"]
[PlyCount "77"]
[EventDate "2010.07.08"]
[EventType "tourn"]
[EventRounds "10"]
[EventCountry "ESP"]
[EventCategory "11"]
[Source "lmi"]
[SourceDate "2010.07.08"]

1. e4 c5 2. Nf3 a6 3. c3 e6 4. d4 d5 5. e5 Bd7 6. Nbd2 Ne7 7. Be2 cxd4 8. cxd4
Bb5 9. Bxb5+ axb5 10. Nb3 Nbc6 11. O-O Nf5 12. Bg5 Be7 13. Bxe7 Qxe7 14. a3 b4
15. a4 O-O 16. Qd3 f6 17. Rfe1 Rac8 18. h3 b6 19. Re2 fxe5 20. Nxe5 Nd6 21.
Nxc6 Rxc6 22. a5 bxa5 23. Rxa5 Ne4 24. Ra6 Rxa6 25. Qxa6 Qf6 26. Nc5 Qxd4 27.
Nxe4 dxe4 28. Qxe6+ Kh8 29. Qxe4 Qd1+ 30. Kh2 h6 31. Qxb4 Rc8 32. Re7 Qc2 33.
Qd4 Qg6 34. b4 Rb8 35. f4 h5 36. Re5 Qf7 37. Rg5 h4 38. b5 Rb7 39. Qf2 1-0

[Event "12. Magistral 30 Aniversario Benasque"]
[Site "Benasque ESP"]
[Date "2010.07.15"]
[Round "8.1"]
[White "Marin, Mihail"]
[Black "Gomez Esteban, Juan Mario"]
[Result "0-1"]
[WhiteElo "2597"]
[BlackElo "2485"]
[PlyCount "100"]
[EventDate "2010.07.08"]
[EventType "tourn"]
[EventRounds "10"]
[EventCountry "ESP"]
[EventCategory "11"]
[Source "lmi"]
[SourceDate "2010.07.08"]

1. d4 Nf6 2. c4 e6 3. g3 d5 4. Bg2 Be7 5. Nf3 O-O 6. O-O dxc4 7. Qc2 a6 8. a4
Bd7 9. Rd1 Bc6 10. Nc3 Nbd7 11. e4 b5 12. d5 exd5 13. e5 Ng4 14. Qf5 Nxf2 15.
Kxf2 Nc5 16. axb5 axb5 17. Rxa8 Bxa8 18. Nxb5 Nd3+ 19. Kf1 Qb8 20. Rxd3 cxd3
21. Qxd3 c5 22. Nc3 d4 23. Ne2 Rd8 24. b3 Bd5 25. Nd2 Qxe5 26. Nc4 Bxg2+ 27.
Kxg2 Qd5+ 28. Qf3 Qxf3+ 29. Kxf3 Rb8 30. Nd2 Bd8 31. Ke4 Ba5 32. Nc4 Be1 33.
Bd2 Bxd2 34. Nxd2 Re8+ 35. Kf3 Re3+ 36. Kf2 g5 37. g4 Rh3 38. Nf3 f5 39. Neg1
Rh6 40. h3 fxg4 41. hxg4 Rf6 42. Kg2 Rf4 43. Kg3 Re4 44. Nxg5 Re3+ 45. Kf4 Rxb3
46. Ne6 d3 47. Nf3 c4 48. Nc5 Rb2 49. Ne4 Re2 50. Ne5 Rxe4+ 0-1

[Event "12. Magistral 30 Aniversario Benasque"]
[Site "Benasque ESP"]
[Date "2010.07.15"]
[Round "8.2"]
[White "Garcia Palermo, Carlos"]
[Black "Levin, Felix"]
[Result "1-0"]
[WhiteElo "2450"]
[BlackElo "2472"]
[PlyCount "65"]
[EventDate "2010.07.08"]
[EventType "tourn"]
[EventRounds "10"]
[EventCountry "ESP"]
[EventCategory "11"]
[Source "lmi"]
[SourceDate "2010.07.08"]

1. c4 c6 2. d4 d5 3. e3 Nf6 4. Nf3 Bf5 5. Nc3 e6 6. Nh4 Be4 7. f3 Bg6 8. Qb3
Qc7 9. Bd2 Be7 10. Rc1 Ne4 11. fxe4 dxc4 12. Nxg6 cxb3 13. Nxh8 Nd7 14. Bc4
Bh4+ 15. g3 Bxg3+ 16. Ke2 Bh4 17. Bxb3 Nf8 18. e5 Be7 19. Rhg1 f6 20. Rxg7 fxe5
21. Ne4 exd4 22. Nf6+ Kd8 23. Nf7+ Kc8 24. Ng4 h5 25. Nge5 d3+ 26. Kxd3 Bf6 27.
Rg8 Qe7 28. Rxf8+ Qxf8 29. Bxe6+ Kc7 30. Ba5+ b6 31. Rxc6+ Kb7 32. Nd6+ Ka6 33.
Bc3 1-0

[Event "12. Magistral 30 Aniversario Benasque"]
[Site "Benasque ESP"]
[Date "2010.07.15"]
[Round "8.3"]
[White "De La Villa Garcia, Jesus Maria"]
[Black "Granda Zuñiga, Julio E"]
[Result "0-1"]
[WhiteElo "2496"]
[BlackElo "2639"]
[PlyCount "74"]
[EventDate "2010.07.08"]
[EventType "tourn"]
[EventRounds "10"]
[EventCountry "ESP"]
[EventCategory "11"]
[Source "lmi"]
[SourceDate "2010.07.08"]

1. e4 e5 2. Nf3 Nc6 3. Bb5 Nf6 4. O-O Nxe4 5. Qe2 Ng5 6. Nxg5 Qxg5 7. d4 Qe7 8.
Bxc6 dxc6 9. dxe5 Bf5 10. Na3 Qe6 11. Nc4 Be7 12. b3 O-O-O 13. Bb2 g5 14. Rad1
h5 15. Ne3 Bg6 16. Rxd8+ Rxd8 17. Rd1 Re8 18. h3 Bf8 19. f3 f5 20. Nc4 f4 21.
Bd4 c5 22. Bc3 Be7 23. Nb2 Bf5 24. Nd3 c4 25. Nf2 cxb3 26. cxb3 Bc5 27. Kf1 Be3
28. g4 hxg4 29. hxg4 Bg6 30. Kg2 Qc6 31. Bb2 b5 32. Nd3 a5 33. Nf2 Kb7 34. Nh3
Bc2 35. Re1 Rd8 36. Bc1 Bd3 37. Qb2 Bd4 0-1

[Event "12. Magistral 30 Aniversario Benasque"]
[Site "Benasque ESP"]
[Date "2010.07.16"]
[Round "9.1"]
[White "De La Villa Garcia, Jesus Maria"]
[Black "Marin, Mihail"]
[Result "0-1"]
[WhiteElo "2496"]
[BlackElo "2597"]
[PlyCount "76"]
[EventDate "2010.07.08"]
[EventType "tourn"]
[EventRounds "10"]
[EventCountry "ESP"]
[EventCategory "11"]
[Source "lmi"]
[SourceDate "2010.07.08"]

1. e4 e5 2. Nf3 Nc6 3. Bb5 a6 4. Bxc6 dxc6 5. O-O f6 6. d4 Bg4 7. c3 Bd6 8. h3
Bh5 9. Nbd2 Ne7 10. dxe5 Bxe5 11. Qb3 Qc8 12. Nxe5 fxe5 13. f4 Bf7 14. Qb4 exf4
15. Nf3 a5 16. Qc5 Qd7 17. Bxf4 O-O 18. Rad1 Qe8 19. Bxc7 Bxa2 20. Bd6 Rf7 21.
Ne5 Rxf1+ 22. Rxf1 Ng6 23. Nxg6 Qxg6 24. Qxa5 Qe8 25. Qb4 Qd7 26. b3 b5 27. Ra1
Qe6 28. e5 h6 29. c4 Qg6 30. cxb5 cxb5 31. Qd2 Qe4 32. Qb2 Qe3+ 33. Kh1 Qa7 34.
Bb4 Qe3 35. Bd2 Qe2 36. Rxa2 Rd8 37. e6 Rd3 38. Bxh6 Qe1+ 0-1